Make amazing toy and game gadgets / (Record no. 10006)

MARC details
000 -LEADER
fixed length control field 01532cam a22004454a 4500
001 - CONTROL NUMBER
control field 10006
003 - CONTROL NUMBER IDENTIFIER
control field FISKH
005 - DATE AND TIME OF LATEST TRANSACTION
control field 20260325153427.0
008 - FIXED-LENGTH DATA ELEMENTS--GENERAL INFORMATION
fixed length control field 000822s2001 nyua c 001 0 eng
010 ## - LIBRARY OF CONGRESS CONTROL NUMBER
LC control number 00108171
020 ## - INTERNATIONAL STANDARD BOOK NUMBER
International Standard Book Number 0688177972
020 ## - INTERNATIONAL STANDARD BOOK NUMBER
International Standard Book Number 0688177263
Qualifying information pbk.
020 ## - INTERNATIONAL STANDARD BOOK NUMBER
International Standard Book Number 9780688177973
020 ## - INTERNATIONAL STANDARD BOOK NUMBER
International Standard Book Number 9780688177263
Qualifying information (pbk.)
035 ## - SYSTEM CONTROL NUMBER
System control number 12151183
040 ## - CATALOGING SOURCE
Original cataloging agency DLC
Transcribing agency DLC
Modifying agency DLC
Language of cataloging eng
050 00 - LIBRARY OF CONGRESS CALL NUMBER
Classification number TT174
Item number .P56 2001
082 00 - DEWEY DECIMAL CLASSIFICATION NUMBER
Classification number 745.592
Edition number 22
100 1# - MAIN ENTRY--PERSONAL NAME
Personal name Pinchuk, Amy.
245 10 - TITLE STATEMENT
Title Make amazing toy and game gadgets /
Statement of responsibility, etc. Amy Pinchuk ; illustrated by Allan Moon and Tina Holdcroft.
260 ## - PUBLICATION, DISTRIBUTION, ETC.
Place of publication, distribution, etc. New York :
Name of publisher, distributor, etc. Scholastic
Date of publication, distribution, etc. 2000.
300 ## - PHYSICAL DESCRIPTION
Extent 64 pages :
Other physical details color illustrations ;
Dimensions 28 cm
336 ## - CONTENT TYPE
Content type term text
Content type code txt
Source rdacontent
337 ## - MEDIA TYPE
Media type term unmediated
Media type code n
Source rdamedia
338 ## - CARRIER TYPE
Carrier type term volume
Carrier type code nc
Source rdacarrier
490 1# - SERIES STATEMENT
Series statement Popular mechanics for kids
500 ## - GENERAL NOTE
General note Includes index.
520 ## - SUMMARY, ETC.
Summary, etc. Provides easy-to-follow instructions for creating a light box, blinking jewelry, spy camera, and other electric gadgets.
650 #0 - SUBJECT ADDED ENTRY--TOPICAL TERM
Topical term or geographic name entry element Toy making
Form subdivision Juvenile literature.
650 #1 - SUBJECT ADDED ENTRY--TOPICAL TERM
Topical term or geographic name entry element Electric apparatus and appliances.
650 #1 - SUBJECT ADDED ENTRY--TOPICAL TERM
Topical term or geographic name entry element Electricity.
650 #1 - SUBJECT ADDED ENTRY--TOPICAL TERM
Topical term or geographic name entry element Handicraft.
655 #7 - INDEX TERM--GENRE/FORM
Genre/form data or focus term Literature.
Source of term lcgft
Authority record control number or standard number https://id.loc.gov/authorities/genreForms/gf2014026415
700 1# - ADDED ENTRY--PERSONAL NAME
Personal name Moon, Allan,
Relator term illustrator
700 1# - ADDED ENTRY--PERSONAL NAME
Personal name Holdcroft, Tina,
Relator term illustrator
830 #0 - SERIES ADDED ENTRY--UNIFORM TITLE
Uniform title Popular mechanics for kids (New York, N.Y.)
906 ## - LOCAL DATA ELEMENT F, LDF (RLIN)
a 7
b cbc
c orignew
d 2
e epcn
f 19
g y-gencatlg
942 ## - ADDED ENTRY ELEMENTS (KOHA)
Source of classification or shelving scheme Dewey Decimal Classification
Koha item type Books
Suppress in OPAC No
Holdings
Withdrawn status Lost status Source of classification or shelving scheme Damaged status Not for loan Collection Home library Current library Shelving location Date acquired Total Checkouts Full call number Barcode Date last seen Copy number Price effective from Koha item type
    Dewey Decimal Classification     Reference Footprints International School Library Network Toul Tom Poung Campus Footprints International School Library Network Toul Tom Poung Campus Librarian's Shelf TTP 03/25/2026   PIN 745.592 TT174 .P56 2026-0377 03/25/2026 1 03/25/2026 Books